MARC details
| 000 -CABECERA |
| campo de control de longitud fija |
00969nam a2200253 u 4500 |
| 005 - FECHA Y HORA DE LA ÚLTIMA TRANSACCIÓN |
| campo de control |
20240215063843.0 |
| 008 - ELEMENTOS DE LONGITUD FIJA--INFORMACIÓN GENERAL |
| campo de control de longitud fija |
101129s2008 r 000 0 eng d |
| 020 ## - NÚMERO INTERNACIONAL NORMALIZADO PARA LIBROS |
| Número Internacional Estándar del Libro |
9789701064023 (13 dígitos) |
| 020 ## - NÚMERO INTERNACIONAL NORMALIZADO PARA LIBROS |
| Número Internacional Estándar del Libro |
970106402X (10 dígitos) |
| 035 ## - NÚMERO DE CONTROL DEL SISTEMA |
| Número de control de sistema |
UPN01000178830 |
| 049 ## - COLECCIÓN |
| Colección |
CG |
| 050 #4 - SIGNATURA TOPOGRÁFICA DE LA BIBLIOTECA DEL CONGRESO |
| Número de clasificación |
HD30.28 |
| Número de documento/Ítem |
T4.28 2008 |
| 100 1# - ASIENTO PRINCIPAL--NOMBRE PERSONAL |
| Nombre de persona |
Thompson, Arthur A., |
| Fechas asociadas al nombre |
1940- |
| 245 10 - MENCIÓN DE TÍTULO |
| Título |
Administración estratégica : |
| Resto del título |
teoría y casos / |
| Mención de responsabilidad, etc. |
Arthur A. Thompson, A. J. Strickland III, John E. Gamble ; tr. Francisco Javier Dávila Martínez. |
| 250 ## - MENCIÓN DE EDICIÓN |
| Mención de edición |
15a ed. |
| 260 ## - PUBLICACIÓN, DISTRIBUCIÓN, ETC. |
| Lugar de publicación, distribución, etc. |
México : |
| Nombre del editor, distribuidor, etc. |
Mcgraw Hill, |
| Fecha de publicación, distribución, etc. |
c2008. |
| 300 ## - DESCRIPCIÓN FÍSICA |
| Extensión |
xxxviii, 449, [160] p. : |
| Otras características físicas |
il. col, fígs. |
| 534 ## - NOTA SOBRE LA VERSIÓN ORIGINAL |
| Frase introductoria |
Traducción de: |
| Mención de título del original |
Crafting & executing strategy : the quest for competitive advange: concepts and cases |
| 650 #4 - ASIENTO SECUNDARIO DE MATERIA - TERMINO TEMATICO |
| Término de materia o nombre geográfico como elemento de entrada |
Planificación estratégica |
| 9 (RLIN) |
1106 |
| 650 #4 - ASIENTO SECUNDARIO DE MATERIA - TERMINO TEMATICO |
| Término de materia o nombre geográfico como elemento de entrada |
Administración |
| 9 (RLIN) |
28 |
| 700 1# - ASIENTO SECUNDARIO--NOMBRE DE PERSONAL |
| Nombre de persona |
Strickland III, Alonzo J., |
| Término indicativo de función/relación |
coaut. |
| 700 1# - ASIENTO SECUNDARIO--NOMBRE DE PERSONAL |
| Nombre de persona |
Gamble, John E., |
| Término indicativo de función/relación |
coaut. |
| 905 ## - TIPO DE MATERIAL |
| Tipo de material |
Libro |